LEADER 02014nam 2200565 450 001 9910463629503321 005 20200520144314.0 010 $a1-4214-0156-8 035 $a(CKB)3240000000065014 035 $a(MH)012728688-8 035 $a(SSID)ssj0000606224 035 $a(PQKBManifestationID)11379742 035 $a(PQKBTitleCode)TC0000606224 035 $a(PQKBWorkID)10580490 035 $a(PQKB)10181651 035 $a(MiAaPQ)EBC4398393 035 $a(OCoLC)743187287 035 $a(MdBmJHUP)muse1501 035 $a(Au-PeEL)EBL4398393 035 $a(CaPaEBR)ebr11161110 035 $a(EXLCZ)993240000000065014 100 $a20101019d2011 uy| 0 101 0 $aeng 135 $aurcnu|||||||| 181 $ctxt 182 $cc 183 $acr 200 14$aThe bestiary, or, Procession of Orpheus /$fGuillaume Apollinaire ; translated, with an essay, by X. J. Kennedy ; woodcuts by Raoul Dufy 210 1$aBaltimore, Maryland :$cJohns Hopkins University Press,$d2011. 215 $a1 online resource (xvii, 74 p. )$cill. ; 300 $aBibliographic Level Mode of Issuance: Monograph 311 $a1-4214-0007-3 320 $aIncludes bibliographical references. 606 $aAnimals$vPoetry 608 $aElectronic books. 615 0$aAnimals 676 $a841/.912 700 $aApollinaire$b Guillaume$f1880-1918, 701 2$aApollinaire$b Guillaume$f1880-1918.$0131201 701 2$aApollinaire$b Guillaume$f1880-1918.$0131201 702 $aKennedy$b X. J. 702 $aDufy$b Raoul$f1877-1953, 801 0$bMiAaPQ 801 1$bMiAaPQ 801 2$bMiAaPQ 906 $aBOOK 912 $a9910463629503321 996 $aThe bestiary, or, Procession of Orpheus$92046510 997 $aUNINA 999 $aThis Record contains information from the Harvard Library Bibliographic Dataset, which is provided by the Harvard Library under its Bibliographic Dataset Use Terms and includes data made available by, among others the Library of Congress LEADER 01109nam2-2200349---450 001 990001302120203316 005 20230118085128.0 035 $a000130212 035 $aUSA01000130212 035 $a(ALEPH)000130212USA01 035 $a000130212 100 $a20031216d1976----km-y0itay0103----ba 101 0 $aita 102 $aIT 105 $a||||||||001yy 200 1 $a<> sistema scolastico italiano$eLa realtà di oggi e le prospettive di partecipazione, sperimentazione e programmazione$fV. Telman...[et al.] 210 $aForenze$cLe Monnier$d1976 215 $a141 p 410 0$12001 454 1$12001 461 1$1001000130208$12001$aPiccola enciclopedia di scienza dell'educazione 702 1$aTELMAN,$bVittorio 801 0$aIT$bsalbc$gISBD 912 $a990001302120203316 951 $aVI ps A Coll 16/1$b74398 L.M.$cVI ps A Coll 959 $aBK 969 $aUMA 979 $aSIAV2$b10$c20031216$lUSA01$h1201 979 $aPATRY$b90$c20040406$lUSA01$h1732 979 $aPATRY$b90$c20070710$lUSA01$h1143 996 $aSistema scolastico italiano$9453541 997 $aUNISA LEADER 02450nas 2200793-a 450 001 996221349903316 005 20230814213019.0 011 $a1464-3863 035 $a(DE-599)ZDB1497471-X 035 $a(OCoLC)42646267 035 $a(CKB)954928415969 035 $a(CONSER)--2004252117 035 $a(EXLCZ)99954928415969 100 $a19991015a19809999 s-- - 101 0 $aeng 135 $aurmnu|||||||| 181 $ctxt$2rdacontent 182 $cc$2rdamedia 183 $acr$2rdacarrier 200 10$aStatute law review 210 $a[Oxford, England] $cOxford University Press$d1980- 215 $a1 online resource (volumes) 300 $aRefereed/Peer-reviewed 300 $aTitle from contents (HEIN, viewed January 28, 2004). 311 $a0144-3593 517 1 $aReview 606 $aStatutes$vPeriodicals 606 $aStatutes$zGreat Britain$vPeriodicals 606 $aDroit$xInterprétation$xPériodiques 606 $aStatuts$zGrande-Bretagne$xPériodiques 606 $aStatuts$xPériodiques 606 $aStatutes$2fast$3(OCoLC)fst01132185 606 $aRecht$2gnd 606 $aZeitschrift$2gnd 606 $aOnline-Ressource$2gnd 606 $aDroit$2rasuqam 606 $aInterprétation de la loi$2rasuqam 606 $aLégislation$2rasuqam 606 $aPolitique publique$2rasuqam 606 $aPouvoir législatif$2rasuqam 606 $aProcédure législative$2rasuqam 607 $aGreat Britain$2fast 607 $aPays du Commonwealth$2rasuqam 607 $aGrande-Bretagne$2rasuqam 607 $aGroßbritannien$2swd 608 $aPeriodicals.$2fast 608 $aPériodique électronique (Descripteur de forme)$2rasuqam 608 $aRessource Internet (Descripteur de forme)$2rasuqam 615 0$aStatutes 615 0$aStatutes 615 6$aDroit$xInterprétation$xPériodiques. 615 6$aStatuts$xPériodiques. 615 6$aStatuts$xPériodiques. 615 7$aStatutes. 615 7$aRecht 615 7$aZeitschrift 615 7$aOnline-Ressource 615 7$aDroit. 615 7$aInterprétation de la loi. 615 7$aLégislation. 615 7$aPolitique publique. 615 7$aPouvoir législatif. 615 17$aProcédure législative. 676 $a348.41022 712 02$aStatute Law Society. 906 $aJOURNAL 912 $a996221349903316 996 $aStatute law review$91893038 997 $aUNISA